| 000 | 01078cam a22003014a 4500 | ||
|---|---|---|---|
| 001 | 13019745 | ||
| 005 | 20160926100542.0 | ||
| 008 | 021204s2004 njuab b 001 0 eng | ||
| 010 | _a 2002044549 | ||
| 020 | _a0130458058 | ||
| 040 |
_aDLC _cDLC _dDLC |
||
| 042 | _apcc | ||
| 050 | 0 | 0 |
_aHF5681.B2 _bF764 2004 |
| 082 | 0 | 0 |
_aDC 657.3 _22004 _bF86 |
| 100 | 1 | _aFraser, Lyn M. | |
| 245 | 1 | 0 |
_aUnderstanding financial statements/ _cLyn M. Fraser and Aileen Ormiston. |
| 250 | _a7th edition | ||
| 260 |
_aUpper Saddle River, N.J.: _bPrentice Hall, _cc2004. |
||
| 300 |
_axvii, 262 pages: _billustrations; _c24 cm. |
||
| 504 | _aIncludes bibliographical references and index. | ||
| 650 | 0 | _aFinancial statements. | |
| 650 | 0 | _aCorporation reports. | |
| 700 |
_aOrmiston, Aileen. _915262 _eAuthor |
||
| 856 | 4 | 1 |
_3Table of contents _uhttp://www.loc.gov/catdir/toc/fy038/2002044549.html |
| 906 |
_a7 _bcbc _corignew _d1 _eocip _f20 _gy-gencatlg |
||
| 942 |
_2ddc _cDC |
||
| 999 |
_c4837 _d4837 |
||